000 02747nam a2200313Ia 4500
003 CO-CtgCURN
005 20250329173537.0
008 200724s2015 xx f 000 0 spa d
040 _aCO-CtgCURN
_bspa
_ccoctgcurn
082 _a361.3
_bT758s
245 0 _aEl trabajo social en diferentes campos de intervención profesional
_h[electronic resource] /
_ccoord., Margarita Rozas Pagaza ; Mariana Gabrinetti
260 _aArgentina :
_bUniversidad Nacional de la Plata,
_c2015
300 _arecurso en línea (103 páginas) :
336 _atexto
_btxt
337 _acomputador
_bc
338 _arecurso en línea
_bcr
490 _aLibros de cátedra
504 _aIncluye referencias bibliógraficas
505 _aPerspectiva relacional, condiciones de trabajo y representaciones en el análisis de la intervención profesional en trabajo social -- La Intervención profesional y "lo comunitario" hoy -- La intervención profesional en el campo de la justicia penal juvenil -- Las disputas del campo de la discapacidad desde la intervención -- Aportes para pensar la intervención profesional de trabajadores/as sociales en el campo de la salud: entre transformaciones y condiciones laborales Estrategias de intervención profesional del trabajo social en el campo educativo --
520 _aEl libro que presentamos se centra en el análisis de las actuales condiciones de intervención profesional en Trabajo Social en distintos campos: la comunidad, la salud, la discapacidad, la justicia y la educación en la ciudad de Buenos Aires, La Plata y Gran La Plata. El eje teórico en este libro es la intervención enriquecida desde la perspectiva teórica relacional, recuperando sobre todo, la categoría de "campo" de Bourdieu. La temática resulta fundamental en la formación de grado de los trabajadores sociales ya que la intervención profesional es la que vertebra el tronco de las asignaturas específicas en los cinco años de formación de grado. Por otro lado, la intervención/contexto están imbricados; la dinámica de esa relación, siempre conflictiva puede limitar y/o facilitar el desarrollo de la intervención profesional.
590 _aPrograma de Trabajo Social_26
650 _a Intervención social
_94419
650 _aTrabajo social
_94420
700 _aGabrinetti, Mariana
_ecoordinadora
_94421
700 _aRozas Pagaza, Margarita
_ecoordinadora
_94422
856 _uhttps://unicurn.sharepoint.com/:b:/s/biblioteca/EfLwSb03qT1Pss4ytxNKLC0BybJWbnChkYlZ41vCr0n0LQ?e=sxhofa
_zVea este libro electrónico
942 _cCF
_h361.3
_iT758s
_2ddc
999 _c7771
_d7771